Die Walküre / (Record no. 196109)
[ view plain ]
| 000 -LEADER | |
|---|---|
| campo de control de longitud fija | 03297njm a2200649 i 4500 |
| 001 - NÚMERO DE CONTROL | |
| campo de control | 196109 |
| 003 - IDENTIFICADOR DE NÚMERO DE CONTROL | |
| campo de control | ES-MaACL |
| 005 - FECHA Y HORA DE LA ÚLTIMA TRANSACCIÓN | |
| campo de control | 20250904042302.0 |
| 007 - CAMPO FIJO DE DESCRIPCIÓN FÍSICA--INFORMACIÓN GENERAL | |
| campo de control de longitud fija | sd*fsngnnmmned |
| 008 - DATOS DE LONGITUD FIJA--INFORMACIÓN GENERAL | |
| campo de control de longitud fija | 240209s2007 sp opn d / ger |
| 015 ## - NÚMERO DE BIBLIOGRAFÍA NACIONAL | |
| Número de bibliografía nacional | SON07 |
| 017 ## - NÚMERO DE COPYRIGHT O DE DEPÓSITO LEGAL | |
| Número de copyright o de depósito legal | M 25700-2007 |
| Agencia que asigna | Oficina Depósito Legal Madrid |
| 020 ## - NÚMERO INTERNACIONAL ESTÁNDAR DEL LIBRO | |
| Número Internacional Estándar del Libro | 9788496832671 |
| 035 ## - NÚMERO DE CONTROL DEL SISTEMA | |
| Número de control de sistema | (OCoLC)733194815 |
| 035 ## - NÚMERO DE CONTROL DEL SISTEMA | |
| Número de control de sistema | (SpMaBN)a4580562 |
| 040 ## - FUENTE DE CATALOGACIÓN | |
| Centro catalogador/agencia de origen | SpMaBN |
| Lengua de catalogación | spa |
| Centro/agencia transcriptor | SpMaBN |
| Normas de descripción | rdc |
| 100 1# - ENTRADA PRINCIPAL--NOMBRE DE PERSONA | |
| Nombre de persona | Wagner, Richard, |
| Fechas asociadas al nombre | 1813-1883 |
| 9 (RLIN) | 240522 |
| Término indicativo de función/relación | Compositor |
| 240 14 - TÍTULO UNIFORME | |
| Título uniforme | Der Ring des Nibelungen. |
| Nombre de parte o sección de la obra | Die Walküre |
| 245 14 - MENCIÓN DEL TÍTULO | |
| Título | Die Walküre / |
| Mención de responsabilidad, etc. | Wagner ; libreto de Richard Wagner |
| Medio | [Grabación sonora] |
| 260 ## - PUBLICACIÓN, DISTRIBUCIÓN, ETC. | |
| Lugar de publicación, distribución, etc. | Madrid : |
| Nombre del editor, distribuidor, etc. | Prisa Innova, |
| Fecha de publicación, distribución, etc. | D.L. 2007 |
| 264 ## - PRODUCCIÓN, PUBLICACIÓN, DISTRIBUCIÓN, FABRICACIÓN Y COPYRIGHT | |
| Producción, publicación, distribución, fabricación y copyright | ©2007 |
| 300 ## - DESCRIPCIÓN FÍSICA | |
| Extensión | 3 discos (CD Audio) + |
| Material acompañante/anejo | 1 libro (106 páginas) |
| 336 ## - TIPO DE CONTENIDO | |
| Fuente | rdacontent |
| Término de tipo de contenido | música (interpretada) |
| 337 ## - TIPO DE MEDIO | |
| Fuente | rdamedia |
| Nombre/término del tipo de medio | audio |
| 338 ## - TIPO DE SOPORTE | |
| Fuente | rdacarrier |
| Nombre/término del tipo de soporte | volumen |
| 490 1# - MENCIÓN DE SERIE | |
| Mención de serie | Los clásicos de la ópera, 400 años ; |
| Designación de volumen o secuencia | 30 |
| 500 ## - NOTA GENERAL | |
| Nota general | Remasterizado |
| 511 1# - NOTA DE PARTICIPANTES O INTÉRPRETES | |
| Nota de participantes o intérpretes | Martha Mödl, Leonie Rysanek, Ferdinand Frantz, Ludwig Suthaus, Margarete Klose, Gottlob Frick, Gerda Schreyer, Judith Hellwig, Dagmar Schmedes, Ruth Siewert, Erika Köth, Hertha Töpper, Johanna Blatter, Dagmar Hermann ; Orquesta Filarmónica de Viena ; Wilhelm Furtwängler, director musical. |
| 518 ## - NOTA DE FECHA/HORA Y LUGAR DE UN ACONTECIMIENTO | |
| Nota de fecha/hora y lugar de un acontecimiento | Grabado en el Musikvereinsaal de Viena en septiembre y octubre de 1954 |
| 520 ## - RESUMEN, ETC. | |
| Sumario, etc. | En su exilio de Zurich en 1849, Wagner comenzó el libreto de su vasta y ambiciosa obra basada en el Cantar de los nibelungos, que se estrenaría finalmente en Bayreuth en 1876. Después del prólogo que constituye El oro del Rin, con La Walkyria entramos de lleno en el terreno de las emociones humanas ―el destino trágico, el amor incestuoso que sacude los cimientos del mundo burgués―, con una intensidad dramática sin precedentes. |
| 650 #7 - PUNTO DE ACCESO ADICIONAL DE MATERIA--TÉRMINO DE MATERIA | |
| Término de materia o nombre geográfico como elemento de entrada | Óperas- |
| 9 (RLIN) | 137584 |
| Subdivisión de forma | Libretos |
| 655 #7 - TERMINO DE INDIZACIÓN--GENERO/FORMA | |
| Datos o término principal de género/forma | Libretos |
| Fuente del término | |
| 9 (RLIN) | 242219 |
| 700 1# - ENTRADA AGREGADA--NOMBRE PERSONAL | |
| Nombre de persona | Wagner, Richard, |
| Fechas asociadas al nombre | 1813-1883- |
| Título de la obra | Der Ring des Nibelungen- |
| Nombre de parte o sección de la obra | Die Walküre- |
| Lenguaje de la obra | Español-Alemán |
| 9 (RLIN) | 238297 |
| Término indicativo de función/relación | Libretista |
| 700 1# - ENTRADA AGREGADA--NOMBRE PERSONAL | |
| Nombre de persona | Mödl, Martha, |
| Fechas asociadas al nombre | 1912-2001 |
| 9 (RLIN) | 238298 |
| Término indicativo de función/relación | Intérprete |
| 700 1# - ENTRADA AGREGADA--NOMBRE PERSONAL | |
| Nombre de persona | Rysanek, Leonie, |
| Fechas asociadas al nombre | 1926-1998 |
| 9 (RLIN) | 238299 |
| Término indicativo de función/relación | Intérprete |
| 700 1# - ENTRADA AGREGADA--NOMBRE PERSONAL | |
| Nombre de persona | Frantz, Ferdinand, |
| Fechas asociadas al nombre | 1906-1959 |
| 9 (RLIN) | 238300 |
| Término indicativo de función/relación | Intérprete |
| 700 1# - ENTRADA AGREGADA--NOMBRE PERSONAL | |
| Nombre de persona | Suthaus, Ludwig |
| 9 (RLIN) | 237905 |
| Término indicativo de función/relación | Intérprete |
| 700 1# - ENTRADA AGREGADA--NOMBRE PERSONAL | |
| Nombre de persona | Klose, Margarete, |
| Fechas asociadas al nombre | 1899-1968 |
| 9 (RLIN) | 238301 |
| Término indicativo de función/relación | Intérprete |
| 700 1# - ENTRADA AGREGADA--NOMBRE PERSONAL | |
| Nombre de persona | Frick, Gottlob, |
| Fechas asociadas al nombre | 1906-1994 |
| 9 (RLIN) | 237855 |
| Término indicativo de función/relación | Intérprete |
| 700 1# - ENTRADA AGREGADA--NOMBRE PERSONAL | |
| Nombre de persona | Schreyer, Gerda |
| 9 (RLIN) | 238302 |
| Término indicativo de función/relación | Intérprete |
| 700 1# - ENTRADA AGREGADA--NOMBRE PERSONAL | |
| Nombre de persona | Hellwig, Judith |
| Término indicativo de función/relación | Intérprete |
| 9 (RLIN) | 240678 |
| 700 1# - ENTRADA AGREGADA--NOMBRE PERSONAL | |
| Nombre de persona | Schmedes, Dagmar |
| Término indicativo de función/relación | Intérprete |
| 9 (RLIN) | 240679 |
| 700 1# - ENTRADA AGREGADA--NOMBRE PERSONAL | |
| Nombre de persona | Siewert, Ruth |
| Término indicativo de función/relación | Intérprete |
| 9 (RLIN) | 240680 |
| 700 1# - ENTRADA AGREGADA--NOMBRE PERSONAL | |
| Nombre de persona | Köth, Erika |
| Término indicativo de función/relación | Intérprete |
| 9 (RLIN) | 240681 |
| 700 1# - ENTRADA AGREGADA--NOMBRE PERSONAL | |
| Nombre de persona | Töpper, Hertha |
| Término indicativo de función/relación | Intérprete |
| 9 (RLIN) | 240682 |
| 700 1# - ENTRADA AGREGADA--NOMBRE PERSONAL | |
| Nombre de persona | Blatter, Johanna |
| Término indicativo de función/relación | Intérprete |
| 9 (RLIN) | 240683 |
| 700 1# - ENTRADA AGREGADA--NOMBRE PERSONAL | |
| Nombre de persona | Hermann, Dagmar |
| Término indicativo de función/relación | Intérprete |
| 9 (RLIN) | 240684 |
| 700 1# - ENTRADA AGREGADA--NOMBRE PERSONAL | |
| Nombre de persona | Furtwängler, Wilhelm, |
| Fechas asociadas al nombre | 1886-1954 |
| 9 (RLIN) | 237911 |
| Término indicativo de función/relación | Director musical |
| 710 2# - ENTRADA AGREGADA--NOMBRE DE ENTIDAD CORPORATIVA | |
| Nombre de entidad corporativa o nombre de jurisdicción como elemento de entrada | Wiener Philharmoniker |
| 9 (RLIN) | 239273 |
| 852 ## - LOCALIZACIÓN | |
| Ubicación | ES-MaACL |
| Sublocalización o colección | R.155043 |
| Ubicación en estantería | Depósito J |
| Número de control de estantería | N-9825 |
| Donativo/Legado | Donación: Miren Fernández |
| Encuadernación | Encuadernación cartoné |
| Designación de la unidad física | Volumen 30 |
| itemnumber | 205746 |
| 903 ## - NOMBRE PERSONAL DE DONANTE | |
| a | Fernández, Miren |
| e | Donante |
| 942 ## - ELEMENTOS DE ENTRADA SECUNDARIOS (KOHA) | |
| Tipo de ítem Koha | Libro impreso |
| Suprimir en OPAC | No |
| Estatus retirado | Estado de pérdida | Fuente del sistema de clasificación o colocación | Estado de daño | No para préstamo | Biblioteca de origen | Biblioteca actual | Ubicación en estantería | Fecha de adquisición | Fuente de adquisición | Total de préstamos | Signatura topográfica completa | Código de barras | Visto por última vez | Precio de reemplazo | Tipo de ítem Koha |
|---|---|---|---|---|---|---|---|---|---|---|---|---|---|---|---|
| Clasificación decimal universal | Biblioteca del Ateneo de Madrid | Biblioteca del Ateneo de Madrid | Depósito J | 23/05/2025 | Donación | N-9825 | 101230130 | 23/05/2025 | 23/05/2025 | Libro impreso |
